| 000 | 00577nam a22001577a 4500 | ||
|---|---|---|---|
| 999 |
_c121110 _d121110 |
||
| 001 | K121110 | ||
| 008 | 190716b2019 ||||| |||| 00| 0 eng d | ||
| 110 |
_96275 _aLocaldataCompany.com |
||
| 245 | _aLocaldataCompany.com | ||
| 520 | _aProduces regular insights and case studies on market trends in the UK retail and leisure sectors. Pre-registration required for access to reports.. | ||
| 650 | _aRetail | ||
| 650 | _aLeisure | ||
| 651 | _aUnited Kingdom | ||
| 690 |
_96227 _aCommercial property |
||
| 856 |
_uhttps://www.localdatacompany.com/ _zView at Localdatacompany.com |
||